Mario Party - Tous les Personnages [avec image] - Statistiques

Statistiques générales
  • Ce quiz a été pris 155 fois
  • Le résultat moyen est 25 sur 34
Statistiques - réponses
Par images Réponse % Correct
Luigi
99%
Mario
99%
Princesse Peach
99%
Toad
98%
Wario
98%
Yoshi
98%
Bowser
97%
Donkey Kong
96%
Waluigi
93%
Princesse Daisy
92%
Toadette
92%
Boo
90%
Koopa Troopa
86%
Mii
84%
Maskass
82%
Harmonie
80%
Diddy Kong
78%
Toad bleu
73%
Goomba
72%
Toad jaune
72%
Toad rouge
72%
Toad vert
72%
Bowser Jr.
71%
Skelerex
70%
Birdo
69%
Kamek
56%
Frère Marto
55%
Pauline
54%
Topi Taupe
45%
Spike
35%
Bloups
34%
Mini-Bowser
26%
Ninji
26%
Poum Poum
21%
Aucun quiz correspondant
Distribution des résultats
% des personnes avec chaque résultat
Percentile par nombre de réponses
Votre historique - résultats
Vous n’avez pas pris ce quiz